Icelandic Christmas Folklore - Statistics

General Stats
  • This quiz has been taken 12 times
  • The average score is 10 of 17
Answer Stats
Arrival Depature Hint Answer % Correct
Repulsive giantess who lives in a cave and eats misbehaving children Grýla
78%
18 December 31 December Wakes people up by slamming doors Hurðaskellir / Door-Slammer
78%
Huge cat who eats anyone that doesn't receive new clothes before Christmas Eve Jólakötturinn / Yule Cat
78%
15 December 28 December Steals spoons, extremely thin due to malnutrition Þvörusleikir / Spoon-Licker
78%
13 sons listed below who harass and steal from the population Yule Lads
78%
21 December 3 January Looks for things to steal through windows Gluggagægir / Window-Peeper
67%
Lazy third husband of the above who mostly stays at home Leppalúði
67%
17 December 30 December Hides under beds, Steals bowls left on the ground Askasleikir / Bowl-Licker
56%
20 December 2 January Hides in the rafters, steals sausages that are being smoked Bjúgnakrækir / Sausage-Swiper
56%
24 December 6 January Follows children in order to steal (and eat) candles Kertasníkir / Candle-Stealer
56%
16 December 29 December Steals leftovers from pots Pottaskefill / Pot-Scraper
56%
19 December 1 January likes to eat skyr (similar to yogurt) Skyrgámur / Skyr-Gobbler
56%
14 December 27 December Abnormally short, Steals crust left on pans Stúfur / Stubby
56%
13 December 26 December Hides in gullies, steals milk Giljagaur / Gully Gawk
44%
22 December 4 January Has a large nose which he uses to locate leaf bread Gáttaþefur / Doorway-Sniffer
33%
23 December 5 January Steals meat using a hook Ketkrókur / Meat-Hook
11%
12 December 25 December Harasses sheep, is impaired by two peg legs Stekkjarstaur / Sheep-Cote Clod
11%
No matching quizzes found
Score Distribution
Percent of People with Each Score
Percentile by Number Answered
Your Score History
You have not taken this quiz